000 01184nam a2200229Ia 4500
003 Ost
005 20260507075544.0
008 260507s9999||||xx |||||||||||||| ||und||
040 _cfsecg
041 _aara
082 _a350
100 _aعبوي، زيد منير
_eمؤلف
245 0 _aالتنظيم الإداري :
_bمبادئه وأساسياته /
_c زيد منير عبوي
260 _aعمان:
_bدار أسامة للنشر والتوزيع;دار المشرق الثقافي,
_c2006
300 _a248 صفحة؛
_bإيضاحات ؛
_c24 سم
504 _aبيبليوغرافيا: ص ص.239
520 _aيضم المدخل إلى التنظيم والأساليب، نظريات التنظيم، المنظمة، الإدارة بالأهداف، البيئة التنظيمية، المناخ التنظيمي، الإجراءات وتبسيطها والأدلة الإدارية، قياس العمل العمل وتقييم الأداء المؤسسي، التطوير والتغير التنظيمي، الهندرة
653 _aإدارة الأعمال
653 _aالإدارة العامة
653 _aالتنظيم
942 _cكتاب
999 _c44883
_d44883